[Event "XXX Memorial Edoardo Crespi A"]
[Site "Milano ITA"]
[Date "2009.12.07"]
[Round "4"]
[White "Salmoiraghi, Angelo"]
[Black "Stromboli, Ettore"]
[Result "0-1"]
[WhiteElo "2150"]
[BlackElo "2260"]
[PlyCount "160"]
[EventDate "2009.12.05"]

1. d4 e6 2. c4 b6 3. Nf3 Bb7 4. a3 Nf6 5. Nc3 d5 6. Bg5 Be7 7. Bxf6 Bxf6 8.
cxd5 exd5 9. e3 O-O 10. Qb3 Re8 11. Be2 c6 12. O-O Nd7 13. Rfd1 Nf8 14. g3 Ng6
15. Ne1 Qd7 16. Rac1 Qh3 17. Bf1 Qg4 18. Be2 Qd7 19. Qc2 Rad8 20. b4 Qe6 21.
Na4 Rc8 22. Qb1 Ne7 23. Ng2 Qd6 24. Rc3 Rcd8 25. Rdc1 Bc8 26. Bd3 h5 27. h4 g6
28. Nf4 Bg7 29. Nb2 Bd7 30. Nd1 Bh6 31. Ng2 Nf5 32. R1c2 Qf6 33. b5 cxb5 34.
Bxb5 Bxb5 35. Qxb5 Nd6 36. Qd3 Ne4 37. Rc7 Re7 38. Rxe7 Qxe7 39. Qb3 Qd7 40.
Nc3 Nf6 41. Ne2 Rc8 42. Rxc8+ Qxc8 43. Nc3 Qh3 44. Qd1 Ng4 45. Qf3 Qh2+ 46. Kf1
Qh1+ 47. Ke2 Nh2 48. Qxd5 Qf1+ 49. Kd2 Qxf2+ 50. Kd3 Nf3 51. Nf4 Ne1+ 52. Kc4
Qxe3 53. Ne4 Bxf4 54. Qd8+ Kg7 55. Qf6+ Kg8 56. Qd8+ Kh7 57. Nf6+ Kg7 58. Ne8+
Kh7 59. Nf6+ Kg7 60. Ne8+ Kh6 61. gxf4 Qe6+ 62. Kb5 Nc2 63. Qg5+ Kh7 64. Nf6+
Kg7 65. Nxh5+ Kh7 66. Nf6+ Kg7 67. Nh5+ Kf8 68. Qd8+ Qe8+ 69. Qxe8+ Kxe8 70.
Nf6+ Ke7 71. Nd5+ Kd6 72. Nc3 Nxd4+ 73. Ka6 Kc5 74. Kxa7 b5 75. Ka6 f5 76. Nd1
Ne2 77. Ka5 Nxf4 78. Nc3 Nd5 79. Ne2 f4 80. Ng1 Nb6 0-1

[Event "XXX Memorial Edoardo Crespi A"]
[Site "Milano ITA"]
[Date "2009.12.07"]
[Round "4"]
[White "Salvador, Roland"]
[Black "Rota, Simone"]
[Result "1-0"]
[WhiteElo "2491"]
[BlackElo "1992"]
[PlyCount "79"]
[EventDate "2009.12.05"]

1. d4 d5 2. Nf3 e6 3. c4 c6 4. Nc3 Nf6 5. e3 Nbd7 6. Bd3 dxc4 7. Bxc4 b5 8. Bb3
Bb4 9. O-O O-O 10. a4 Qb6 11. Re1 Rd8 12. Qc2 Bb7 13. e4 a6 14. e5 Ne8 15. Be3
Qc7 16. Rec1 Bxc3 17. Ng5 Bxb2 18. Bxe6 fxe6 19. Qxh7+ Kf8 20. Nxe6+ Kf7 21.
Nxc7 Nxc7 22. Bg5 Bxa1 23. Rxa1 Nf8 24. Qf5+ Ke8 25. Bxd8 Rxd8 26. Qe4 Rd5 27.
f4 Nce6 28. Rd1 c5 29. axb5 axb5 30. f5 Nxd4 31. Rf1 Rd7 32. Qg4 b4 33. e6 Re7
34. Re1 Ndxe6 35. fxe6 Nxe6 36. Rd1 Bc6 37. Qh5+ Kf8 38. Qh8+ Kf7 39. Rf1+ Kg6
40. g4 1-0

[Event "XXX Memorial Edoardo Crespi A"]
[Site "Milano ITA"]
[Date "2009.12.07"]
[Round "4"]
[White "Sbarra, Marco"]
[Black "Massironi, Marco"]
[Result "1-0"]
[WhiteElo "2256"]
[BlackElo "2149"]
[PlyCount "105"]
[EventDate "2009.12.05"]

1. d4 d5 2. c4 c6 3. Nc3 e5 4. e3 e4 5. Qb3 Nf6 6. Bd2 Be7 7. Nh3 Bxh3 8. gxh3
Qd7 9. O-O-O O-O 10. Be2 dxc4 11. Bxc4 b5 12. Bf1 a5 13. Bg2 a4 14. Qc2 Qe6 15.
Kb1 Na6 16. Nxe4 Nd5 17. Ka1 b4 18. Rc1 Rfc8 19. Ng3 b3 20. Qf5 a3 21. Qxe6
axb2+ 22. Kxb2 fxe6 23. Bxd5 exd5 24. Nf5 Bf8 25. axb3 g6 26. Ng3 c5 27. Ne2 c4
28. bxc4 dxc4 29. Ra1 c3+ 30. Bxc3 Rab8+ 31. Kc2 Nb4+ 32. Kd2 Nd5 33. Rhb1 Nxc3
34. Nxc3 Bb4 35. Rb3 Bxc3+ 36. Rxc3 Rb2+ 37. Kd3 Rxc3+ 38. Kxc3 Rxf2 39. Rg1
Rxh2 40. Rg3 Kf7 41. d5 Ke7 42. e4 Ra2 43. Kd4 Kd6 44. e5+ Kd7 45. Rb3 Rd2+ 46.
Rd3 Ra2 47. Rc3 Ra4+ 48. Rc4 Ra2 49. e6+ Kd6 50. Rc6+ Ke7 51. Rc7+ Kf6 52. Rf7+
Kg5 53. Rxh7 1-0

[Event "XXX Memorial Edoardo Crespi A"]
[Site "Milano ITA"]
[Date "2009.12.07"]
[Round "4"]
[White "Sgnaolin, Davide"]
[Black "Rettore, Ludwig"]
[Result "1/2-1/2"]
[WhiteElo "2213"]
[BlackElo "2197"]
[PlyCount "85"]
[EventDate "2009.12.05"]

1. e4 e5 2. Nf3 Nf6 3. Nxe5 d6 4. Nf3 Nxe4 5. d4 d5 6. Bd3 Nc6 7. O-O Be7 8. c4
Nb4 9. Be2 dxc4 10. Bxc4 O-O 11. Nc3 Nd6 12. Be2 c6 13. Qb3 a5 14. d5 Nxd5 15.
Nxd5 cxd5 16. Nd4 Ne4 17. Bf4 Bg5 18. Bxg5 Qxg5 19. f4 Qf6 20. Rad1 Rd8 21. Bf3
b6 22. g3 Bb7 23. Rfe1 Rac8 24. Kg2 g6 25. Re2 h5 26. h4 Rc5 27. Rc2 Rxc2+ 28.
Qxc2 Rc8 29. Qd3 Nc5 30. Qe3 Ne6 31. b3 Nxd4 32. Rxd4 Rc2+ 33. Rd2 Qb2 34. Rxc2
Qxc2+ 35. Qe2 Qxe2+ 36. Bxe2 Kf8 37. Kf2 Ke7 38. Ke3 Kd6 39. Kd4 Bc8 40. Bf3
Be6 41. a3 f6 42. Bg2 Kc6 43. Bf3 1/2-1/2

[Event "XXX Memorial Edoardo Crespi A"]
[Site "Milano ITA"]
[Date "2009.12.07"]
[Round "4"]
[White "Shishkin, Vadim"]
[Black "Foisor, Cristina-Adela"]
[Result "1-0"]
[WhiteElo "2515"]
[BlackElo "2440"]
[PlyCount "113"]
[EventDate "2009.12.05"]

1. d4 d5 2. c4 c6 3. Nf3 Nf6 4. Nc3 a6 5. c5 Nbd7 6. Bf4 Nh5 7. Bd2 g6 8. e4
dxe4 9. Ng5 Ndf6 10. Bc4 Nd5 11. Ngxe4 Bg7 12. Qb3 O-O 13. O-O-O Nxc3 14. Bxc3
Nf4 15. h4 Be6 16. Bxe6 fxe6 17. g3 Ne2+ 18. Kb1 Qd5 19. Qc2 Nxc3+ 20. bxc3
Rab8 21. f4 b6 22. Ka1 bxc5 23. Nxc5 a5 24. Rhe1 e5 25. fxe5 Rf3 26. Ne4 c5 27.
Nxc5 Rxg3 28. Ne4 Rg4 29. Rb1 Rc8 30. Qe2 Rxh4 31. Rb5 Qa8 32. Nc5 Rh1 33. Rxh1
Qxh1+ 34. Rb1 Qh3 35. Ne4 Rf8 36. Qc4+ Kh8 37. Ng5 Qf5 38. Ne6 Rf7 39. Nd8 Rf8
40. Ne6 Rf7 41. Rb8+ Bf8 42. Kb2 h5 43. Nd8 Qf2+ 44. Ka3 e6+ 45. Ka4 Qc2+ 46.
Qb3 Qxb3+ 47. axb3 Re7 48. Nxe6 Rxe6 49. Rxf8+ Kg7 50. Rf1 g5 51. Re1 g4 52. d5
Rg6 53. e6 Kf8 54. d6 Ke8 55. c4 Rg5 56. c5 Rxc5 57. d7+ 1-0

[Event "XXX Memorial Edoardo Crespi A"]
[Site "Milano ITA"]
[Date "2009.12.07"]
[Round "4"]
[White "Stromboli, Carlo"]
[Black "Facchetti, Gianni"]
[Result "1-0"]
[WhiteElo "2272"]
[BlackElo "2162"]
[PlyCount "109"]
[EventDate "2009.12.05"]

1. e4 e5 2. Nf3 Nc6 3. Bc4 Be7 4. d4 d6 5. h3 Nf6 6. Nc3 Nxd4 7. Nxd4 exd4 8.
Qxd4 c6 9. a4 O-O 10. O-O Qb6 11. Qd1 a5 12. Re1 Nd7 13. Bf1 Ne5 14. Be3 Qc7
15. f4 Ng6 16. g4 Bd7 17. Qf3 Rfb8 18. Re2 Be8 19. Qg3 Bh4 20. Qf3 Be7 21. Rh2
Rd8 22. Rd1 Rab8 23. g5 f6 24. h4 Nf8 25. Qf2 Nd7 26. Qg3 Bh5 27. Rdd2 Kh8 28.
Bd4 Nf8 29. Bc4 Ng6 30. Be3 Rf8 31. Be6 Rfd8 32. Rhg2 Rf8 33. Rdf2 Rfd8 34. Rd2
Rf8 35. Qf2 b6 36. Qg3 Rfd8 37. Bd4 Rf8 38. Be3 Rfd8 39. Nb1 Nf8 40. Bc4 Ng6
41. Nc3 Rf8 42. Rdf2 Rfd8 43. Bd4 Rf8 44. Be6 Rfd8 45. Kh1 Rf8 46. Rg1 Rbe8 47.
Bg4 Bxg4 48. Qxg4 fxg5 49. hxg5 Qc8 50. f5 Ne5 51. Qh5 Kg8 52. Rh2 Rd8 53. f6
Bxf6 54. gxf6 Rxf6 55. Qxh7+ 1-0

[Event "XXX Memorial Edoardo Crespi A"]
[Site "Milano ITA"]
[Date "2009.12.07"]
[Round "4"]
[White "Sullolari, Saip"]
[Black "Gagliardi, Christian"]
[Result "1/2-1/2"]
[WhiteElo "2106"]
[BlackElo "2244"]
[PlyCount "86"]
[EventDate "2009.12.05"]

1. e4 c5 2. Nf3 Nc6 3. d4 cxd4 4. Nxd4 Nf6 5. Nc3 e5 6. Ndb5 d6 7. Bg5 a6 8.
Na3 b5 9. Nd5 Be7 10. Bxf6 Bxf6 11. c3 Bg5 12. Nc2 O-O 13. Be2 Rb8 14. O-O a5
15. b4 Be6 16. a4 bxa4 17. Rxa4 axb4 18. cxb4 f5 19. b5 Ne7 20. Nxe7+ Qxe7 21.
exf5 Bxf5 22. Nb4 Rb7 23. Ra6 e4 24. Nd5 Qe5 25. Bc4 Kh8 26. Ne3 Be7 27. Qd5
Qxd5 28. Nxd5 Be6 29. Rb1 g6 30. Rc6 Rfb8 31. Nxe7 Bxc4 32. Nxg6+ hxg6 33. Rxc4
Rxb5 34. Rxb5 Rxb5 35. Kf1 d5 36. Rc6 Kg7 37. Rd6 Kh6 38. Ke2 Rb2+ 39. Ke3 Rb3+
40. Kf4 Rb2 41. Rxd5 Rxf2+ 42. Kg3 e3 43. Re5 Re2 1/2-1/2

[Event "XXX Memorial Edoardo Crespi A"]
[Site "Milano ITA"]
[Date "2009.12.07"]
[Round "4"]
[White "Tomba, Ivan"]
[Black "Cani, Gazmir"]
[Result "1/2-1/2"]
[WhiteElo "2283"]
[BlackElo "1973"]
[PlyCount "95"]
[EventDate "2009.12.05"]

1. e4 c5 2. Nf3 d6 3. c3 Nf6 4. Be2 g6 5. O-O Bg7 6. Re1 O-O 7. Bf1 Nc6 8. h3
e5 9. d4 cxd4 10. cxd4 exd4 11. Nxd4 Nxd4 12. Qxd4 Re8 13. Qd3 d5 14. e5 Ne4
15. Nc3 Bxe5 16. Qxd5 Bxc3 17. Qxd8 Rxd8 18. bxc3 Nf6 19. Bc4 Bf5 20. Bb3 Re8
21. Be3 b6 22. Bd4 Rxe1+ 23. Rxe1 Re8 24. Rxe8+ Nxe8 25. Ba4 Nd6 26. f3 Kf8 27.
Kf2 Ke7 28. Bd1 Bd3 29. h4 Nb5 30. Ke3 Bf1 31. g4 f6 32. f4 h6 33. a4 Nxd4 34.
Kxd4 g5 35. fxg5 fxg5 36. hxg5 hxg5 37. Ke5 Bd3 38. Bb3 Bg6 39. Bd5 Be8 40. Kf5
Bxa4 41. Kxg5 Kd6 42. Ba2 Ke5 43. Kh6 Be8 44. g5 b5 45. g6 Bxg6 46. Kxg6 a5 47.
c4 bxc4 48. Bxc4 1/2-1/2

[Event "XXX Memorial Edoardo Crespi A"]
[Site "Milano ITA"]
[Date "2009.12.07"]
[Round "4"]
[White "Tonel, Giulia"]
[Black "Stojanovic, Andjelija"]
[Result "1/2-1/2"]
[WhiteElo "1967"]
[BlackElo "2329"]
[PlyCount "68"]
[EventDate "2009.12.05"]

1. e4 c5 2. Nf3 d6 3. d4 cxd4 4. Qxd4 a6 5. Be3 Nf6 6. Nc3 Ng4 7. Bg5 h6 8. Bh4
Nc6 9. Qd2 g5 10. Bg3 Bg7 11. h4 gxh4 12. Bxh4 Qb6 13. Rb1 Qb4 14. Bd3 Bxc3 15.
Qxc3 Qxc3+ 16. bxc3 b5 17. Nd4 Na5 18. Rb4 Bd7 19. Nf5 f6 20. Kd2 Ne5 21. Ne3
Be6 22. Nd5 Nac4+ 23. Ke2 Kd7 24. Bg3 Rac8 25. Bxe5 dxe5 26. Bxc4 Rxc4 27. Nb6+
Kc6 28. Nxc4 Bxc4+ 29. Ke3 a5 30. Rbb1 a4 31. a3 h5 32. Rh4 Rg8 33. g3 Bf7 34.
Rb4 Rd8 1/2-1/2

[Event "XXX Memorial Edoardo Crespi A"]
[Site "Milano ITA"]
[Date "2009.12.07"]
[Round "4"]
[White "Tramalloni, Luca"]
[Black "Gamboa, Miguel"]
[Result "0-1"]
[WhiteElo "2143"]
[BlackElo "2175"]
[PlyCount "64"]
[EventDate "2009.12.05"]

1. d4 Nf6 2. c4 g6 3. Nc3 Bg7 4. e4 d6 5. Be2 O-O 6. Bg5 c5 7. d5 e6 8. h3 exd5
9. exd5 Re8 10. Nf3 h6 11. Be3 Bf5 12. Qd2 Ne4 13. Nxe4 Bxe4 14. Rd1 Nd7 15.
O-O Bxf3 16. Bxf3 Kh7 17. Rfe1 Qh4 18. Be2 Nf6 19. Bd3 Ne4 20. Bxe4 Rxe4 21. b3
Rae8 22. Qc1 a6 23. Kh2 b5 24. g3 Qe7 25. Bd2 Qf6 26. Kg2 Re2 27. Rxe2 Rxe2 28.
Rf1 Qf5 29. a4 bxa4 30. bxa4 Qe4+ 31. Kg1 Bd4 32. Bxh6 Bxf2+ 0-1

[Event "XXX Memorial Edoardo Crespi A"]
[Site "Milano ITA"]
[Date "2009.12.07"]
[Round "4"]
[White "Zanetti, Alberto"]
[Black "Pienabarca, Nicola"]
[Result "1-0"]
[WhiteElo "2180"]
[BlackElo "2071"]
[PlyCount "113"]
[EventDate "2009.12.05"]

1. f4 d5 2. Nf3 g6 3. e3 Bg7 4. c4 Nf6 5. Nc3 c6 6. Be2 Nbd7 7. O-O O-O 8. d4
dxc4 9. Bxc4 c5 10. Qe2 cxd4 11. exd4 Nb6 12. Bb3 Bg4 13. h3 Bxf3 14. Qxf3 a5
15. a3 Ne8 16. f5 Nd6 17. fxg6 hxg6 18. g4 Bxd4+ 19. Kg2 Bg7 20. Bg5 Qc7 21.
Rac1 Nbc4 22. Nd5 Qc5 23. Bxc4 Nxc4 24. b3 f6 25. Rxc4 Qxa3 26. Bc1 Qd6 27. Nf4
f5 28. Rd1 fxg4 29. Qxg4 Qb6 30. Qe6+ Qxe6 31. Nxe6 Rf5 32. Nxg7 Kxg7 33. Rc7
Rb5 34. Rxe7+ Kf6 35. Re3 a4 36. bxa4 Rxa4 37. Rd6+ Kf7 38. Rf3+ Kg7 39. Rd7+
Kg8 40. Bh6 Ra8 41. h4 Rb4 42. Kh3 b5 43. Rg7+ Kh8 44. Rxg6 Kh7 45. Rb6 Ra1 46.
Bg5 Rh1+ 47. Kg2 Rd1 48. Rbf6 Rbb1 49. Kh3 Rg1 50. Rf7+ Kg8 51. Rb7 Rge1 52.
Kg4 Re6 53. Kh5 Rb4 54. Rd3 Re8 55. Rdd7 Rc8 56. Rd6 Rb1 57. Rg6+ 1-0

[Event "XXX Memorial Edoardo Crespi A"]
[Site "Milano ITA"]
[Date "2009.12.08"]
[Round "5"]
[White "Astengo, Corrado"]
[Black "Facchetti, Gianni"]
[Result "1/2-1/2"]
[WhiteElo "2110"]
[BlackElo "2162"]
[PlyCount "99"]
[EventDate "2009.12.05"]

1. e4 e5 2. Nf3 Nc6 3. Bc4 Be7 4. d4 d6 5. h3 Nf6 6. Nc3 O-O 7. O-O exd4 8.
Nxd4 Nxd4 9. Qxd4 c6 10. a4 Qb6 11. Be3 Qxd4 12. Bxd4 a5 13. Bb3 Nd7 14. Rad1
Bd8 15. Be3 Bc7 16. Bf4 Ne5 17. Bg3 Re8 18. f4 Ng6 19. f5 Ne5 20. Kh2 h6 21.
Rfe1 Kf8 22. Ne2 Bd7 23. Nf4 Rad8 24. Bh4 Rb8 25. Bg3 b5 26. axb5 Rxb5 27. Ne2
Rb4 28. Nc3 Bc8 29. Rd2 Ba6 30. Red1 Bc4 31. Ba4 Rxb2 32. Bxe5 Rxe5 33. Bxc6
Ke7 34. Bd5 Bb5 35. Nxb5 Rxb5 36. Rd3 Kf6 37. Rb3 Rc5 38. c4 Re8 39. Rdb1 a4
40. Ra3 Ra5 41. Rb7 Re7 42. Rb4 Ra6 43. Raxa4 Rxa4 44. Rxa4 Bb6 45. Kg3 Bc5 46.
Kf4 Ra7 47. Rxa7 Bxa7 48. h4 Bd4 49. g4 Be5+ 50. Kf3 1/2-1/2

[Event "XXX Memorial Edoardo Crespi A"]
[Site "Milano ITA"]
[Date "2009.12.08"]
[Round "5"]
[White "Astengo, Marcello"]
[Black "Bonanno, Alessandro"]
[Result "0-1"]
[WhiteElo "2147"]
[BlackElo "2135"]
[PlyCount "76"]
[EventDate "2009.12.05"]

1. d4 Nf6 2. c4 c5 3. d5 e6 4. Nc3 exd5 5. cxd5 Bd6 6. g3 Bc7 7. Bg2 d6 8. Nf3
O-O 9. O-O a6 10. a4 Re8 11. Bg5 h6 12. Bf4 Nbd7 13. Re1 Rb8 14. Qd3 Nf8 15. e4
Ng6 16. Bc1 Bd7 17. Nd2 b5 18. f4 c4 19. Qf3 Bb6+ 20. Kh1 Qc8 21. axb5 axb5 22.
b4 cxb3 23. Nxb3 Ng4 24. Nd1 Qc2 25. Ba3 b4 26. Bxb4 Ne3 27. Nxe3 Bxe3 28. Bxd6
Rxb3 29. Rxe3 Bg4 30. Qxg4 Rxe3 31. e5 Qb2 32. Rg1 Qc2 33. Qd7 Ra8 34. e6 fxe6
35. dxe6 Ra2 36. e7 Nxe7 37. Bxe7 Re1 38. Bd5+ Kh7 0-1

[Event "XXX Memorial Edoardo Crespi A"]
[Site "Milano ITA"]
[Date "2009.12.08"]
[Round "5"]
[White "Barberi, Alessandro"]
[Black "Loehnhardt, Benjamin"]
[Result "1-0"]
[WhiteElo "2098"]
[BlackElo "2076"]
[PlyCount "91"]
[EventDate "2009.12.05"]

1. d4 e6 2. c4 b6 3. Nf3 Bb7 4. e3 f5 5. b3 Nf6 6. Bb2 Bb4+ 7. Nfd2 O-O 8. a3
Be7 9. Nc3 Qe8 10. Qc2 Qg6 11. f3 c5 12. Bd3 Qxg2 13. O-O-O Bxf3 14. Rdf1 Qxh1
15. Nxf3 Qxf1+ 16. Bxf1 Nc6 17. d5 Nd8 18. Qd3 Re8 19. Nb5 Rc8 20. d6 Bf8 21.
Nc7 Nf7 22. Nxe8 Rxe8 23. Ne5 Nxd6 24. Bg2 Rd8 25. h3 Be7 26. Qf1 Nf7 27. Nxf7
Kxf7 28. e4 g6 29. Qf4 d6 30. e5 Ng8 31. exd6 Bxd6 32. Qh4 Ne7 33. Qxh7+ Ke8
34. Kc2 Bf4 35. Bf6 Bd6 36. Bxe7 Bxe7 37. Qxg6+ Kd7 38. Qg7 Kd6 39. Qg3+ Kd7
40. Qf3 Rc8 41. Qb7+ Rc7 42. Qf3 Bf6 43. Qf4 Bd4 44. b4 Rc8 45. b5 Rg8 46. Bc6+
1-0

[Event "XXX Memorial Edoardo Crespi A"]
[Site "Milano ITA"]
[Date "2009.12.08"]
[Round "5"]
[White "Bonazzi, Edoardo"]
[Black "Vinzoni, Andrea"]
[Result "1-0"]
[WhiteElo "2193"]
[BlackElo "2082"]
[PlyCount "77"]
[EventDate "2009.12.05"]

1. Nf3 d5 2. c4 e6 3. g3 Nf6 4. Bg2 Be7 5. O-O O-O 6. b3 c5 7. Bb2 Nc6 8. e3 d4
9. exd4 cxd4 10. Re1 Ne8 11. d3 f6 12. Na3 e5 13. h3 Be6 14. Nc2 Qd7 15. Nfxd4
Nxd4 16. Nxd4 Bxh3 17. Bd5+ Kh8 18. Nc2 Rd8 19. d4 b6 20. Qe2 Nc7 21. Bg2 Bg4
22. Bf3 Bxf3 23. Qxf3 exd4 24. Nxd4 Bb4 25. Red1 Qc8 26. Nc6 Qa8 27. Rxd8 Rxd8
28. Bxf6 Rd6 29. Bxg7+ Kg8 30. Ne7+ Kxg7 31. Nf5+ Kg8 32. Qxa8+ Nxa8 33. Nxd6
Bxd6 34. Rd1 Bc7 35. Rd7 h6 36. Kg2 a6 37. Kf3 b5 38. c5 a5 39. Ke4 1-0

[Event "XXX Memorial Edoardo Crespi A"]
[Site "Milano ITA"]
[Date "2009.12.08"]
[Round "5"]
[White "Bove, Alessandro"]
[Black "Tonel, Giulia"]
[Result "1-0"]
[WhiteElo "2337"]
[BlackElo "1967"]
[PlyCount "69"]
[EventDate "2009.12.05"]

1. e4 c5 2. Nc3 Nc6 3. Nge2 g6 4. d4 cxd4 5. Nxd4 Bg7 6. Be3 d6 7. Qd2 a6 8.
O-O-O Nf6 9. Nxc6 bxc6 10. e5 Ng4 11. exd6 Nxe3 12. Qxe3 e6 13. d7+ Bxd7 14.
Ne4 O-O 15. Nc5 Qb6 16. c3 Bc8 17. Bc4 Ra7 18. Rhe1 Re8 19. Rd2 e5 20. Red1
Rae7 21. Nxa6 Qa5 22. Nb4 Qc7 23. Rd6 Bb7 24. Qh3 c5 25. Rd7 Bh6+ 26. Kb1 Be4+
27. Nc2 Rxd7 28. Rxd7 Rd8 29. Bxf7+ Kh8 30. Be8 Bg7 31. b3 Qa5 32. Rxd8 Qxd8
33. Qd7 Qb6 34. Qc8 Bf8 35. Bc6 1-0

[Event "XXX Memorial Edoardo Crespi A"]
[Site "Milano ITA"]
[Date "2009.12.08"]
[Round "5"]
[White "Brunello, Marina"]
[Black "Nicolo', Filippo"]
[Result "1-0"]
[WhiteElo "2158"]
[BlackElo "2062"]
[PlyCount "180"]
[EventDate "2009.12.05"]

1. e4 e6 2. d4 d5 3. Nd2 Be7 4. Bd3 c5 5. dxc5 Nf6 6. exd5 Qxd5 7. Ngf3 Nbd7 8.
b4 a5 9. Bc4 Qc6 10. c3 b6 11. a4 bxc5 12. Bb5 Qc7 13. bxa5 Qxa5 14. Nb3 Qc7
15. c4 O-O 16. a5 Rd8 17. Qe2 Bb7 18. O-O Ng4 19. g3 Nde5 20. Nxe5 Nxe5 21. Bf4
Bd6 22. Bxe5 Bxe5 23. a6 Bc8 24. Ra2 Bf6 25. Qe3 Bd4 26. Nxd4 Rxd4 27. Rfa1 Ra7
28. Rd2 e5 29. Rxd4 cxd4 30. Qd3 g6 31. Qa3 Bh3 32. c5 Qd8 33. Bf1 Be6 34. c6
Bd5 35. Qc5 Rc7 36. a7 Bxc6 37. Qxc6 Rxc6 38. a8=Q Qxa8 39. Rxa8+ Kg7 40. Ra6
Rc1 41. Rd6 f5 42. f4 exf4 43. gxf4 h6 44. h4 g5 45. hxg5 hxg5 46. fxg5 Rc3 47.
Kf2 f4 48. Rxd4 Rc5 49. Kf3 Rxg5 50. Kxf4 Rh5 51. Be2 Rc5 52. Bg4 Kf6 53. Re4
Rc6 54. Bf5 Ra6 55. Rb4 Rc6 56. Rb1 Rc4+ 57. Be4 Rc5 58. Rb6+ Ke7 59. Bf5 Rc4+
60. Ke5 Rc5+ 61. Ke4 Kf7 62. Be6+ Ke7 63. Bd5 Rc1 64. Ke5 Re1+ 65. Be4 Rd1 66.
Rb2 Kd7 67. Rb7+ Kc8 68. Rh7 Rd8 69. Bd5 Kb8 70. Rb7+ Kc8 71. Re7 Kb8 72. Bc6
Rd1 73. Rg7 Rd8 74. Ke6 Rh8 75. Kd6 Rh6+ 76. Kc5 Kc8 77. Kb6 Kd8 78. Rd7+ Kc8
79. Re7 Rd6 80. Re8+ Rd8 81. Re6 Rd3 82. Bb5 Rd2 83. Ba4 Rd4 84. Bb5 Rd2 85.
Re1 Rd6+ 86. Bc6 Rd2 87. Re7 Rd6 88. Kc5 Rd3 89. Bd5 Kd8 90. Rh7 Rg3 1-0

[Event "XXX Memorial Edoardo Crespi A"]
[Site "Milano ITA"]
[Date "2009.12.08"]
[Round "5"]
[White "Cani, Gazmir"]
[Black "Melia, Salome"]
[Result "0-1"]
[WhiteElo "1973"]
[BlackElo "2436"]
[PlyCount "62"]
[EventDate "2009.12.05"]

1. Nf3 Nf6 2. d4 e6 3. c4 b6 4. g3 Ba6 5. b3 Bb4+ 6. Bd2 Be7 7. Bg2 c6 8. O-O
d5 9. Bc3 O-O 10. Nbd2 Bb7 11. Qc2 Na6 12. Rfd1 Rc8 13. Qb2 b5 14. a3 bxc4 15.
bxc4 Rb8 16. c5 Nd7 17. Rab1 e5 18. Qxb7 Rxb7 19. Rxb7 exd4 20. Nxd4 Qc8 21.
Rdb1 Naxc5 22. Rxa7 Bf6 23. Bh3 Qe8 24. N2f3 Ne5 25. Bb4 Nxf3+ 26. Nxf3 Qb8 27.
Ra5 Ne4 28. Rc1 Qb6 29. e3 c5 30. Be1 Qb2 31. Rd1 Qe2 0-1

[Event "XXX Memorial Edoardo Crespi A"]
[Site "Milano ITA"]
[Date "2009.12.08"]
[Round "5"]
[White "Cazzaniga, Walter"]
[Black "Garano, Nicola"]
[Result "1-0"]
[WhiteElo "2139"]
[BlackElo "2189"]
[PlyCount "83"]
[EventDate "2009.12.05"]

1. d4 Nf6 2. c4 g6 3. Nc3 Bg7 4. e4 d6 5. Nf3 O-O 6. Be2 e5 7. d5 Nh5 8. g3 f5
9. exf5 Bxf5 10. Bg5 Qd7 11. Qd2 Na6 12. Nh4 Nc5 13. O-O-O Nf6 14. Nxf5 Qxf5
15. f3 e4 16. g4 Qe5 17. Rhe1 Rae8 18. Bf1 Qe7 19. b4 Ncd7 20. Nxe4 Qf7 21.
Bxf6 Nxf6 22. Ng5 Qd7 23. Ne6 Bh8 24. Bd3 Rf7 25. h4 Qa4 26. Kb1 Nd7 27. Nc5
Nxc5 28. bxc5 Rxe1 29. Rxe1 Rxf3 30. cxd6 cxd6 31. Bc2 Qxc4 32. Re8+ Kf7 33.
Rxh8 Qf1+ 34. Kb2 Qb5+ 35. Bb3 Qc5 36. Rxh7+ Kg8 37. Re7 a5 38. Re8+ Kf7 39.
Re4 Kg8 40. Rf4 Re3 41. Qc2 Qb5 42. Qxg6+ 1-0

[Event "XXX Memorial Edoardo Crespi A"]
[Site "Milano ITA"]
[Date "2009.12.08"]
[Round "5"]
[White "Codenotti, Marco"]
[Black "Profumo, Alberto"]
[Result "1-0"]
[WhiteElo "2118"]
[BlackElo "2223"]
[PlyCount "111"]
[EventDate "2009.12.05"]

1. e4 c6 2. d4 d5 3. exd5 cxd5 4. Bd3 Nc6 5. c3 g6 6. Nf3 Bg7 7. Bf4 Bg4 8.
Nbd2 a6 9. h3 Bxf3 10. Nxf3 Nf6 11. O-O O-O 12. Qe2 Nd7 13. h4 Re8 14. Rfe1 e5
15. dxe5 Ndxe5 16. Rad1 Nxf3+ 17. Qxf3 Rxe1+ 18. Rxe1 Qxh4 19. g3 Qd8 20. Rd1
Qd7 21. Bc2 d4 22. Be4 Rd8 23. Bg5 Rc8 24. Bf6 Bxf6 25. Qxf6 Re8 26. Bxc6 Qxc6
27. Qxc6 bxc6 28. Rxd4 Re2 29. Rb4 c5 30. Rb8+ Kg7 31. Kg2 h5 32. Kf3 Rc2 33.
a4 g5 34. a5 f6 35. Rb6 c4 36. Ke3 Kg6 37. Rxa6 Rxb2 38. Ra8 Rc2 39. Kd4 Rxf2
40. a6 Kf5 41. Kxc4 Ra2 42. Kb5 Kg4 43. Rc8 Kxg3 44. Rc4 Rxa6 45. Kxa6 h4 46.
Ra4 h3 47. c4 h2 48. Ra1 g4 49. c5 Kf4 50. c6 g3 51. c7 g2 52. c8=Q g1=Q 53.
Qc4+ Ke5 54. Qe2+ Kf5 55. Rf1+ Kg6 56. Qe8+ 1-0

[Event "XXX Memorial Edoardo Crespi A"]
[Site "Milano ITA"]
[Date "2009.12.08"]
[Round "5"]
[White "Crippa, Gabriele"]
[Black "Sgnaolin, Davide"]
[Result "0-1"]
[WhiteElo "2092"]
[BlackElo "2213"]
[PlyCount "110"]
[EventDate "2009.12.05"]

1. d4 Nf6 2. Nf3 c5 3. e3 e6 4. Bd3 b6 5. O-O Bb7 6. Nbd2 Be7 7. c3 cxd4 8.
exd4 d6 9. Qe2 O-O 10. Re1 Nbd7 11. Ng5 Qc7 12. Nde4 Nxe4 13. Bxe4 Nf6 14. Bc2
Qc6 15. Ne4 Nxe4 16. Qxe4 Qxe4 17. Bxe4 Bxe4 18. Rxe4 d5 19. Re2 g6 20. Bf4
Rfc8 21. Kf1 b5 22. Rc2 Rc6 23. Ke2 Rac8 24. Kd3 a5 25. Rac1 Kf8 26. f3 Ke8 27.
h3 Kd7 28. Bd2 Bd6 29. Be3 h5 30. Bd2 Be7 31. Bf4 g5 32. Be3 Rg8 33. Rh1 Rcc8
34. Bc1 Rc6 35. g4 Rh8 36. Rg2 Rcc8 37. Rhg1 hxg4 38. hxg4 Rh3 39. Rg3 Rch8 40.
Ke2 Rxg3 41. Rxg3 Rh1 42. Bd2 Rb1 43. b3 Rb2 44. Rg1 Rxa2 45. Kd3 Rb2 46. Ra1
Bd8 47. b4 a4 48. Ke2 Bc7 49. Kd3 Bf4 50. Be3 Rh2 51. Rf1 a3 52. Rg1 a2 53. Ra1
Rb2 54. Bxf4 gxf4 55. c4 bxc4+ 0-1

[Event "XXX Memorial Edoardo Crespi A"]
[Site "Milano ITA"]
[Date "2009.12.08"]
[Round "5"]
[White "Damia, Angelo"]
[Black "Dvirnyy, Danyyil"]
[Result "1/2-1/2"]
[WhiteElo "2338"]
[BlackElo "2461"]
[PlyCount "34"]
[EventDate "2009.12.05"]

1. e4 c5 2. Nf3 d6 3. d4 cxd4 4. Nxd4 Nf6 5. Nc3 g6 6. Be3 Bg7 7. f3 O-O 8. Qd2
Nc6 9. O-O-O d5 10. Nxc6 bxc6 11. exd5 Nxd5 12. Nxd5 cxd5 13. Qxd5 Qc7 14. Qc5
Qb7 15. Qb5 Qc7 16. Qc5 Qb7 17. Qb5 Qc7 1/2-1/2

[Event "XXX Memorial Edoardo Crespi A"]
[Site "Milano ITA"]
[Date "2009.12.08"]
[Round "5"]
[White "Drazic, Sinisa"]
[Black "Malaniuk, Vladimir P."]
[Result "1-0"]
[WhiteElo "2519"]
[BlackElo "2573"]
[PlyCount "91"]
[EventDate "2009.12.05"]

1. d4 f5 2. e4 fxe4 3. Nc3 Nf6 4. Bg5 Nc6 5. d5 Ne5 6. Qe2 Nf7 7. Bxf6 exf6 8.
Nxe4 Bb4+ 9. c3 Be7 10. d6 cxd6 11. Qd2 Qa5 12. Bc4 Qe5 13. Bd5 Ng5 14. f3 f5
15. Ne2 fxe4 16. f4 Qf5 17. Ng3 e3 18. Qd4 Qf8 19. fxg5 Qf2+ 20. Kd1 Qxb2 21.
Qxe3 Kd8 22. Re1 Qxa1+ 23. Kc2 Qxe1 24. Qxe1 Bxg5 25. Nf5 Bf6 26. Nxd6 Rf8 27.
Qg3 Be7 28. Nxb7+ Bxb7 29. Bxb7 Rc8 30. Bxc8 Kxc8 31. Qxg7 Rf2+ 32. Kb3 Bd8 33.
Qxh7 Rxg2 34. h4 Re2 35. h5 Re6 36. h6 Kc7 37. Qh8 Bf6 38. Qa8 Rb6+ 39. Kc2 Ra6
40. Qg8 Rc6 41. Qg3+ Kb7 42. h7 a6 43. Qh3 Bh8 44. Qxd7+ Rc7 45. Qd5+ Ka7 46.
Qd3 1-0

[Event "XXX Memorial Edoardo Crespi A"]
[Site "Milano ITA"]
[Date "2009.12.08"]
[Round "5"]
[White "Farago, Ivan"]
[Black "Piscopo, Pierluigi"]
[Result "1/2-1/2"]
[WhiteElo "2497"]
[BlackElo "2429"]
[PlyCount "122"]
[EventDate "2009.12.05"]

1. d4 Nf6 2. c4 c5 3. d5 e6 4. Nc3 exd5 5. cxd5 d6 6. e4 g6 7. f4 Bg7 8. Bb5+
Nfd7 9. Be2 Qh4+ 10. g3 Qd8 11. Nf3 O-O 12. O-O Re8 13. Kg2 Na6 14. f5 Nf6 15.
fxg6 hxg6 16. Bg5 Nc7 17. Nd2 Re5 18. Nf3 Re8 19. Ng1 Re5 20. Qd2 b5 21. Qf4
Rxg5 22. Qxg5 b4 23. Nb1 Bb7 24. Nd2 Qe7 25. Bc4 Rf8 26. Ngf3 Qd7 27. Ne5 dxe5
28. Rxf6 Qd8 29. Raf1 Bxf6 30. Qxf6 Qxf6 31. Rxf6 Ne8 32. Rf1 Nd6 33. g4 f5 34.
gxf5 gxf5 35. b3 fxe4 36. Rxf8+ Kxf8 37. Kf2 Bc8 38. Ke3 Bf5 39. Ba6 Ke7 40.
Nc4 Nxc4+ 41. Bxc4 Kd6 42. h4 Bg6 43. Be2 Kxd5 44. h5 Bf5 45. Ba6 Kd6 46. h6
Ke7 47. Bc8 Bg6 48. Bb7 Kf6 49. Bxe4 Bf7 50. Kd3 a5 51. h7 Kg7 52. Kc2 a4 53.
Kb2 a3+ 54. Kc2 Be6 55. Kb1 Bf7 56. Kc2 Be6 57. Kb1 Kh8 58. Kc2 Kg7 59. Kb1 c4
60. bxc4 Bxc4 61. Ka1 Be6 1/2-1/2